[Event "Pan American-ch Seniors 50"]
[Site "Lima"]
[Date "2023.04.27"]
[Round "2"]
[White "Gonzalez Mesa, Daniel"]
[Black "Serrato Diaz, Rafael Antonio"]
[Result "1-0"]
[WhiteElo "1862"]
[BlackElo "1709"]
[PlyCount "62"]
[EventDate "2023.04.26"]
[EventType "swiss"]
[EventRounds "9"]
[EventCountry "PER"]
[SourceTitle "CBM 214 Extra"]
[Source "ChessBase"]
[SourceDate "2023.07.31"]
[SourceVersion "1"]
[SourceVersionDate "2023.07.31"]
[SourceQuality "1"]

1. e4 e6 2. d3 d5 3. Nd2 dxe4 4. dxe4 Bd7 5. Nc4 Nf6 6. Bg5 Be7 7. Bd3 Bc6 8. Qe2 Nbd7 9. 0-0-0 0-0 10. Nf3 Nc5 11. Nce5 Nxd3+ 12. Rxd3 Qe8 13. Bxf6 Bxf6 14. Rhd1 Rd8 15. Rxd8 Bxd8 16. Qc4 Bb5 17. Rxd8 Bxc4 18. Rxe8 Rxe8 19. Nxc4 f6 20. a4 Rd8 21. Na5 Rb8 22. Nd4 Kf7 23. Kd2 a6 24. Ke3 e5 25. Ndb3 b5 26. axb5 Rxb5 27. Kd3 Ke7 28. c4 Rb6 29. Ke3 Rd6 30. Nd2 Kd7 31. c5 Rd4 1-0

[Event "PER-ch Seniors"]
[Site "Lima"]
[Date "2018.12.30"]
[Round "7"]
[White "Franco Villon, Jorge Antonio"]
[Black "Gonzalez Mesa, Daniel"]
[Result "1-0"]
[WhiteElo "1952"]
[BlackElo "1936"]
[PlyCount "88"]
[EventDate "2018.12.26"]
[EventType "swiss"]
[EventRounds "7"]
[EventCountry "PER"]
[SourceTitle "EXT 2021"]
[Source "ChessBase"]
[SourceDate "2020.10.23"]
[SourceVersion "1"]
[SourceVersionDate "2020.10.23"]
[SourceQuality "1"]

1. Nf3 c5 2. g3 Nf6 3. Bg2 g6 4. d3 Bg7 5. 0-0 0-0 6. e4 d6 7. Re1 Nc6 8. Nbd2 e5 9. c3 b5 10. Nf1 a5 11. Bg5 b4 12. Qd2 Rb8 13. Ne3 Be6 14. Qc2 Bxa2 15. Qa4 Be6 16. Qxc6 Rb6 17. Qa4 Ra6 18. Nd5 Bxd5 19. exd5 Qa8 20. Nd2 Nh5 21. Nc4 f6 22. Bd2 f5 23. cxb4 cxb4 24. Bxb4 Rf6 25. Qb5 Bf8 26. Rxa5 Rxa5 27. Qxa5 Qb7 28. Qb6 Qd7 29. Qb8 f4 30. Nxd6 Rxd6 31. Bxd6 Qxd6 32. Qe8 fxg3 33. hxg3 Nf6 34. Qxe5 Qd8 35. Rc1 Nd7 36. Qe6+ Kg7 37. Bh3 Nf6 38. Bg2 Qb8 39. Qe2 h5 40. Rc6 Ng4 41. d4 Qa7 42. Qe4 Qf7 43. Bf3 Nh6 44. d6 Kg8 1-0

[Event "PER-ch Seniors"]
[Site "Lima"]
[Date "2018.12.28"]
[Round "4"]
[White "Tamayo Valencia, Felix Francisco"]
[Black "Gonzalez Mesa, Daniel"]
[Result "0-1"]
[WhiteElo "1718"]
[BlackElo "1936"]
[PlyCount "56"]
[EventDate "2018.12.26"]
[EventType "swiss"]
[EventRounds "7"]
[EventCountry "PER"]
[SourceTitle "EXT 2021"]
[Source "ChessBase"]
[SourceDate "2020.10.23"]
[SourceVersion "1"]
[SourceVersionDate "2020.10.23"]
[SourceQuality "1"]

1. e4 d6 2. Nf3 g6 3. Nc3 Bg7 4. d4 Nf6 5. h3 0-0 6. Bd3 Na6 7. a3 c5 8. Bxa6 cxd4 9. Nxd4 bxa6 10. 0-0 Bb7 11. f3 Qb6 12. Na4 Qa5 13. c3 e5 14. b4 Qc7 15. Ne2 d5 16. exd5 Bxd5 17. Nc5 a5 18. Be3 Bc4 19. Re1 Nd5 20. Qc1 Rfe8 21. Ng3 f5 22. Bd2 e4 23. fxe4 Qxg3 24. exd5 Bxd5 25. Rxe8+ Rxe8 26. Qf1 Be5 27. Nd3 Qh2+ 28. Kf2 Bg3# 0-1

[Event "Casma U2100 2nd"]
[Site "Casma"]
[Date "2017.02.05"]
[Round "6.1"]
[White "Puppi Lazo, Stephanie Beatriz"]
[Black "Gonzalez Mesa, Daniel"]
[Result "0-1"]
[WhiteElo "1706"]
[BlackElo "2094"]
[PlyCount "56"]
[EventDate "2017.02.03"]
[EventType "swiss"]
[EventRounds "7"]
[EventCountry "PER"]
[SourceTitle "EXT 2024"]
[Source "ChessBase"]
[SourceDate "2023.10.10"]
[SourceVersion "1"]
[SourceVersionDate "2023.10.10"]
[SourceQuality "1"]

1. e4 d6 2. d4 Nf6 3. Bd3 e5 4. c3 d5 5. exd5 Qxd5 6. f3 exd4 7. cxd4 Nc6 8. Ne2 Nb4 9. Nbc3 Nxd3+ 10. Qxd3 Bb4 11. 0-0 Qa5 12. Qe3+ Kf8 13. a3 Bxc3 14. Nxc3 Bd7 15. Bd2 Qf5 16. Rae1 Re8 17. Ne4 Nd5 18. Qb3 Bc6 19. Nc5 b6 20. g4 Qc8 21. Nd3 h5 22. Ne5 Bb7 23. Re4 Re6 24. g5 g6 25. Ree1 Kg7 26. f4 Ne7 27. Be3 Bd5 28. Qc2 Nf5 0-1

[Event "Casma U2100 2nd"]
[Site "Casma"]
[Date "2017.02.04"]
[Round "3.1"]
[White "Gonzalez Mesa, Daniel"]
[Black "Aliaga Salinas, Rafael"]
[Result "1-0"]
[WhiteElo "2094"]
[BlackElo "1908"]
[PlyCount "65"]
[EventDate "2017.02.03"]
[EventType "swiss"]
[EventRounds "7"]
[EventCountry "PER"]
[SourceTitle "EXT 2024"]
[Source "ChessBase"]
[SourceDate "2023.10.10"]
[SourceVersion "1"]
[SourceVersionDate "2023.10.10"]
[SourceQuality "1"]

1. e4 e5 2. Nf3 Nc6 3. Bb5 a6 4. Ba4 Nf6 5. d4 exd4 6. 0-0 Be7 7. Re1 0-0 8. e5 Nd5 9. Bb3 Nb6 10. c3 d3 11. Qxd3 d5 12. Nd4 Nxd4 13. cxd4 Be6 14. Bc2 g6 15. Nc3 Nc4 16. a4 b6 17. b3 Na5 18. Bh6 Re8 19. Qf3 Nc6 20. Rad1 Nb4 21. Bb1 Qd7 22. h3 Rac8 23. Ne2 c5 24. dxc5 bxc5 25. Ng3 Bf8 26. Qf4 d4 27. Bxf8 Rxf8 28. Ne4 Nd5 29. Nf6+ Kg7 30. Qh4 Nxf6 31. exf6+ Kh8 32. Qh6 Rg8 33. Re4 1-0

[Event "PER-ch"]
[Site "Lima"]
[Date "2016.02.11"]
[Round "4"]
[White "Escalante Ramirez, Brian Sebastian"]
[Black "Gonzalez Mesa, Daniel"]
[Result "1-0"]
[WhiteElo "2332"]
[BlackElo "2170"]
[PlyCount "53"]
[EventDate "2016.02.10"]
[EventType "swiss"]
[EventRounds "9"]
[EventCountry "PER"]
[SourceTitle "CBM 171 Extra"]
[Source "ChessBase"]
[SourceDate "2016.04.26"]
[SourceVersion "1"]
[SourceVersionDate "2016.04.26"]
[SourceQuality "1"]

1. e4 d5 2. exd5 Nf6 3. d4 Nxd5 4. c4 Nb6 5. Nc3 e5 6. Nf3 exd4 7. Nxd4 c5 8. Ndb5 a6 9. Qxd8+ Kxd8 10. Na3 Bf5 11. Bg5+ Be7 12. 0-0-0+ Ke8 13. Bxe7 Kxe7 14. Bd3 Bxd3 15. Rhe1+ Kf8 16. Rxd3 Nc6 17. Ne4 Ne5 18. Rb3 Ned7 19. Nd6 Rb8 20. Rbe3 g6 21. Re7 Kg7 22. Rxf7+ Kh6 23. Re3 g5 24. Re6+ Kh5 25. h3 h6 26. g4+ Kh4 27. Re3 1-0

[Event "Capablanca Memorial op-A 48th"]
[Site "Havana"]
[Date "2013.05.01"]
[Round "10"]
[White "Gonzalez Mesa, Daniel"]
[Black "Fernandez Rivero, Karla July"]
[Result "0-1"]
[WhiteElo "2275"]
[BlackElo "2055"]
[PlyCount "76"]
[EventDate "2013.04.21"]
[EventType "swiss"]
[EventRounds "10"]
[EventCountry "CUB"]
[SourceTitle "CBM 154 Extra"]
[Source "ChessBase"]
[SourceDate "2013.06.25"]
[SourceVersion "2"]
[SourceVersionDate "2013.06.25"]
[SourceQuality "1"]

1. e4 e5 2. Nf3 Nc6 3. Bb5 a6 4. Ba4 Nf6 5. 0-0 Be7 6. c3 0-0 7. Re1 b5 8. Bb3 d6 9. h3 Nb8 10. d4 Nbd7 11. Nbd2 Bb7 12. Bc2 Re8 13. d5 Bf8 14. c4 c6 15. b3 g6 16. Nf1 Nb6 17. Ne3 Rc8 18. Bd2 Nbd7 19. a4 bxa4 20. bxa4 Nc5 21. dxc6 Bxc6 22. Nd5 Nxd5 23. cxd5 Bd7 24. a5 Rb8 25. Rb1 Bb5 26. Bb4 Qd7 27. Bxc5 dxc5 28. Qd2 Bd6 29. Nh2 Qe7 30. Qh6 Qf8 31. Qxf8+ Kxf8 32. Ng4 Kg7 33. Ne3 c4 34. Nd1 Bd7 35. Rb6 Rxb6 36. axb6 Rb8 37. Ne3 Bb5 38. Rb1 Bc5 0-1

[Event "Capablanca Memorial op-A 48th"]
[Site "Havana"]
[Date "2013.04.25"]
[Round "5"]
[White "Hernandez Moya, Yuleisis"]
[Black "Gonzalez Mesa, Daniel"]
[Result "1-0"]
[WhiteElo "2227"]
[BlackElo "2275"]
[PlyCount "51"]
[EventDate "2013.04.21"]
[EventType "swiss"]
[EventRounds "10"]
[EventCountry "CUB"]
[SourceTitle "CBM 154 Extra"]
[Source "ChessBase"]
[SourceDate "2013.06.25"]
[SourceVersion "2"]
[SourceVersionDate "2013.06.25"]
[SourceQuality "1"]

1. e4 c5 2. Nf3 Nf6 3. Nc3 d5 4. exd5 Nxd5 5. Bc4 e6 6. 0-0 Be7 7. Re1 a6 8. a4 Nc6 9. Ne4 Nf6 10. Ng3 0-0 11. d3 Qc7 12. Bd2 b6 13. Ng5 Rb8 14. Nh5 Nxh5 15. Qxh5 Bxg5 16. Qxg5 b5 17. axb5 axb5 18. Bb3 e5 19. Bc3 Nd4 20. Bxd4 exd4 21. Re7 Bd7 22. Qd5 Rbd8 23. Rxf7 Kh8 24. Re1 Rde8 25. Ree7 Qa5 26. h3 1-0

[Event "Capablanca Memorial op-A 48th"]
[Site "Havana"]
[Date "2013.04.23"]
[Round "3"]
[White "Martinez Duany, Lelys Stanley"]
[Black "Gonzalez Mesa, Daniel"]
[Result "1-0"]
[WhiteElo "2459"]
[BlackElo "2275"]
[PlyCount "72"]
[EventDate "2013.04.21"]
[EventType "swiss"]
[EventRounds "10"]
[EventCountry "CUB"]
[SourceTitle "CBM 154 Extra"]
[Source "ChessBase"]
[SourceDate "2013.06.25"]
[SourceVersion "2"]
[SourceVersionDate "2013.06.25"]
[SourceQuality "1"]

1. d4 Nf6 2. Nf3 g6 3. g3 Bg7 4. Bg2 0-0 5. 0-0 d6 6. c4 Nc6 7. Nc3 Rb8 8. h3 a6 9. Be3 b5 10. d5 b4 11. Na4 Na5 12. Rc1 Bd7 13. Nd4 Qe8 14. b3 Bxa4 15. bxa4 Nd7 16. Nc6 Nxc6 17. dxc6 Nb6 18. a5 Nc8 19. Rb1 e6 20. Qa4 Ne7 21. Rxb4 Nf5 22. Ba7 Rxb4 23. Qxb4 Nd4 24. Qb7 Nxe2+ 25. Kh2 Qc8 26. Rb1 Bc3 27. Rb3 Bd4 28. Bf1 Bxa7 29. Qxa7 Nc1 30. Rb2 f5 31. Rb7 Qd8 32. Rxc7 Qf6 33. Qe3 f4 34. Qxc1 fxg3+ 35. fxg3 Qf2+ 36. Bg2 Rf3 1-0

[Event "Havana Elo"]
[Site "Havana"]
[Date "2009.08.10"]
[Round "14"]
[White "Gonzalez Mesa, Daniel"]
[Black "Coto Mederos, Michel"]
[Result "0-1"]
[WhiteElo "2269"]
[BlackElo "2261"]
[PlyCount "62"]
[EventDate "2009.08.04"]
[EventType "tourn"]
[EventRounds "15"]
[EventCountry "CUB"]
[SourceTitle "CBM 131 Extra"]
[Source "ChessBase"]
[SourceDate "2009.09.03"]
[SourceVersion "2"]
[SourceVersionDate "2009.09.16"]
[SourceQuality "1"]

1. e4 c5 2. Nf3 d6 3. Bb5+ Nc6 4. 0-0 e5 5. h3 Nf6 6. Re1 Be7 7. c3 0-0 8. Bxc6 bxc6 9. d4 cxd4 10. cxd4 exd4 11. Nxd4 Qb6 12. Nc3 Re8 13. b3 c5 14. Nde2 Bf8 15. Nf4 Bb7 16. Nfd5 Nxd5 17. Nxd5 Qd8 18. Bb2 Rc8 19. Rc1 Qg5 20. f4 Qh4 21. Kh2 Bxd5 22. g3 Bxb3 23. axb3 Qd8 24. f5 Qb6 25. Rc4 d5 26. exd5 Rxe1 27. Qxe1 Qxb3 28. Qe2 Qa2 29. d6 Bxd6 30. Rg4 Rb8 31. Rxg7+ Kf8 0-1

[Event "Havana Elo"]
[Site "Havana"]
[Date "2009.08.05"]
[Round "3"]
[White "Soto Hernandez, Henry"]
[Black "Gonzalez Mesa, Daniel"]
[Result "1/2-1/2"]
[WhiteElo "2283"]
[BlackElo "2269"]
[PlyCount "76"]
[EventDate "2009.08.04"]
[EventType "tourn"]
[EventRounds "15"]
[EventCountry "CUB"]
[SourceTitle "CBM 131 Extra"]
[Source "ChessBase"]
[SourceDate "2009.09.03"]
[SourceVersion "2"]
[SourceVersionDate "2009.09.16"]
[SourceQuality "1"]

1. d4 Nf6 2. c4 g6 3. Nc3 Bg7 4. e4 d6 5. Be2 0-0 6. Be3 e5 7. d5 Na6 8. h4 Nc5 9. Bxc5 dxc5 10. h5 Ne8 11. Nf3 Nd6 12. Qd3 a6 13. Qe3 b6 14. 0-0-0 Bg4 15. hxg6 hxg6 16. Nd2 Bd7 17. Rh2 f6 18. Rdh1 Kf7 19. Qg3 Rh8 20. Rxh8 Bxh8 21. Rh7+ Bg7 22. Bh5 Qg8 23. Bxg6+ Kf8 24. Qh4 Be8 25. Bxe8 Rxe8 26. Ne2 Qf7 27. Ng3 Qg6 28. Qh3 b5 29. Rh4 bxc4 30. Kc2 Rb8 31. Nf3 Qe8 32. Nd2 Qa4+ 33. Kc1 Qb4 34. Rh8+ Bxh8 35. Qxh8+ Kf7 36. Qh7+ Kf8 37. Qh8+ Kf7 38. Qh7+ Kf8 1/2-1/2

[Event "Matanzas Jaguey Cup"]
[Site "Matanzas"]
[Date "2008.02.20"]
[Round "8"]
[White "Gonzalez Mesa, Daniel"]
[Black "Borges Feria, Yasel"]
[Result "0-1"]
[WhiteElo "2168"]
[BlackElo "2393"]
[PlyCount "52"]
[EventDate "2008.02.16"]
[EventType "tourn"]
[EventRounds "14"]
[EventCountry "CUB"]
[EventCategory "2"]
[SourceTitle "CBM 123 Extra"]
[Source "ChessBase"]
[SourceDate "2008.05.06"]
[SourceVersion "1"]
[SourceVersionDate "2008.05.06"]
[SourceQuality "1"]

1. e4 c5 2. Nf3 d6 3. Bb5+ Nc6 4. 0-0 Bd7 5. Re1 a6 6. Bf1 g6 7. c3 Bg7 8. d4 cxd4 9. cxd4 Bg4 10. d5 Ne5 11. Be2 Bxf3 12. Bxf3 Nf6 13. Nc3 0-0 14. Bg5 Rc8 15. Be2 b5 16. f4 Rxc3 17. bxc3 Nxe4 18. fxe5 Nxg5 19. Rc1 Bxe5 20. Bf3 Qa5 21. Rc2 Rc8 22. Qd3 Rc4 23. Kh1 Qa4 24. Kg1 Rh4 25. Ree2 Bxh2+ 26. Kf1 Bg3 0-1

[Event "Matanzas Jaguey Cup"]
[Site "Matanzas"]
[Date "2008.02.16"]
[Round "2"]
[White "Bacallao Alonso, Yusnel"]
[Black "Gonzalez Mesa, Daniel"]
[Result "1/2-1/2"]
[WhiteElo "2385"]
[BlackElo "2168"]
[PlyCount "80"]
[EventDate "2008.02.16"]
[EventType "tourn"]
[EventRounds "14"]
[EventCountry "CUB"]
[EventCategory "2"]
[SourceTitle "CBM 123 Extra"]
[Source "ChessBase"]
[SourceDate "2008.05.06"]
[SourceVersion "1"]
[SourceVersionDate "2008.05.06"]
[SourceQuality "1"]

1. e4 c5 2. Nf3 Nc6 3. d4 cxd4 4. Nxd4 e5 5. Nb5 a6 6. Nd6+ Bxd6 7. Qxd6 Qf6 8. Qxf6 Nxf6 9. Nc3 Nb4 10. Kd1 Ng4 11. Be3 Nxe3+ 12. fxe3 d6 13. a3 Nc6 14. Bc4 Be6 15. Bd5 Rc8 16. Kd2 Bxd5 17. exd5 Ne7 18. Raf1 0-0 19. g4 Rc5 20. e4 Rfc8 21. Rc1 Rc4 22. Kd3 Ng6 23. Ne2 Nf8 24. b3 R4c7 25. c4 Nd7 26. b4 Nb6 27. c5 dxc5 28. Rxc5 Rxc5 29. bxc5 Rxc5 30. Rb1 Rb5 31. Rxb5 axb5 32. Nc3 b4 33. axb4 Kf8 34. Nd1 f6 35. Ne3 g6 36. Nc4 Nc8 37. Na5 Nd6 38. Nc4 Nc8 39. Kc3 Ke7 40. Kd3 Nd6 1/2-1/2

[Event "Matanzas 28 October Cup"]
[Site "Matanzas"]
[Date "2007.10.25"]
[Round "9"]
[White "Delgado Ramos, Hector"]
[Black "Gonzalez Mesa, Daniel"]
[Result "1/2-1/2"]
[WhiteElo "2319"]
[BlackElo "2119"]
[PlyCount "57"]
[EventDate "2007.10.17"]
[EventType "tourn"]
[EventRounds "14"]
[EventCountry "CUB"]
[SourceTitle "EXT 2019"]
[Source "ChessBase"]
[SourceDate "2018.10.10"]
[SourceVersion "1"]
[SourceVersionDate "2018.10.10"]
[SourceQuality "1"]

1. e4 e5 2. Nf3 Nc6 3. Bb5 a6 4. Ba4 Nf6 5. 0-0 Be7 6. Re1 b5 7. Bb3 0-0 8. c3 d5 9. d4 Nxe4 10. dxe5 Be6 11. Nbd2 Nc5 12. Bc2 b4 13. Nd4 Nxd4 14. cxd4 b3 15. Nxb3 Nxb3 16. axb3 c5 17. Be3 Qb6 18. dxc5 Bxc5 19. Bxh7+ Kxh7 20. Qc2+ Kg8 21. Bxc5 Rfc8 22. Rec1 Qd8 23. Qd2 Rc6 24. b4 Bf5 25. Bd6 Rxc1+ 26. Rxc1 Rc8 27. Rxc8 Qxc8 28. Qc3 Qxc3 29. bxc3 1/2-1/2

[Event "Matanzas 28 October Cup"]
[Site "Matanzas"]
[Date "2007.10.18"]
[Round "2"]
[White "Gonzalez Mesa, Daniel"]
[Black "Delgado Ramos, Hector"]
[Result "0-1"]
[WhiteElo "2119"]
[BlackElo "2319"]
[PlyCount "66"]
[EventDate "2007.10.17"]
[EventType "tourn"]
[EventRounds "14"]
[EventCountry "CUB"]
[SourceTitle "EXT 2019"]
[Source "ChessBase"]
[SourceDate "2018.10.10"]
[SourceVersion "1"]
[SourceVersionDate "2018.10.10"]
[SourceQuality "1"]

1. c4 c5 2. Nc3 g6 3. g3 Bg7 4. Bg2 Nc6 5. Nf3 e6 6. 0-0 Nge7 7. e3 Nf5 8. Ne4 Qe7 9. g4 Nh6 10. d4 cxd4 11. exd4 Nxg4 12. h3 Nf6 13. Bg5 h6 14. Bh4 g5 15. Nxf6+ Qxf6 16. Bg3 Nxd4 17. Ne5 Nc6 18. Ng4 Qxb2 19. Qd6 Qd4 20. Rad1 Qxd6 21. Bxd6 f5 22. Ne3 Bf8 23. Bc7 Bc5 24. Bf3 h5 25. Rfe1 Kf7 26. h4 g4 27. Bh1 Be7 28. Ng2 b6 29. Rd3 Ke8 30. Red1 Rh7 31. f3 Bb7 32. f4 Bc5+ 33. Kh2 Na5 0-1

[Event "Matanzas 28 October Cup"]
[Site "Matanzas"]
[Date "2007.10.17"]
[Round "1"]
[White "Gonzalez Mesa, Daniel"]
[Black "Castillo Bermudez, Manuel"]
[Result "1-0"]
[WhiteElo "2119"]
[BlackElo "2233"]
[PlyCount "49"]
[EventDate "2007.10.17"]
[EventType "tourn"]
[EventRounds "14"]
[EventCountry "CUB"]
[SourceTitle "EXT 2019"]
[Source "ChessBase"]
[SourceDate "2018.10.10"]
[SourceVersion "1"]
[SourceVersionDate "2018.10.10"]
[SourceQuality "1"]

1. c4 c5 2. Nc3 g6 3. g3 Bg7 4. Bg2 Nc6 5. Nf3 e6 6. a3 Nge7 7. Rb1 0-0 8. b4 d5 9. 0-0 cxb4 10. axb4 dxc4 11. b5 Ne5 12. Nxe5 Bxe5 13. Qa4 Bxc3 14. dxc3 e5 15. Ba3 Re8 16. Qxc4 Bf5 17. Bxb7 Rb8 18. Rbd1 Qb6 19. Ba6 Be6 20. Qe4 Nf5 21. g4 Nh6 22. Rd6 Qc7 23. Rc6 Qa5 24. Bd6 Rbd8 25. Bc7 1-0

[Event "Matanzas Province-ch final"]
[Site "Jaguey Grande"]
[Date "2007.10.12"]
[Round "12"]
[White "Delgado Ramos, Hector"]
[Black "Gonzalez Mesa, Daniel"]
[Result "1/2-1/2"]
[WhiteElo "2319"]
[BlackElo "2119"]
[PlyCount "94"]
[EventDate "2007.10.01"]
[EventType "tourn"]
[EventRounds "15"]
[EventCountry "CUB"]
[EventCategory "1"]
[SourceTitle "EXT 2019"]
[Source "ChessBase"]
[SourceDate "2018.10.10"]
[SourceVersion "1"]
[SourceVersionDate "2018.10.10"]
[SourceQuality "1"]

1. d4 Nf6 2. Nf3 g6 3. c4 Bg7 4. g3 0-0 5. Bg2 d6 6. Nc3 Nc6 7. 0-0 Bf5 8. d5 Na5 9. Nd4 Bd7 10. b3 c5 11. dxc6 Nxc6 12. Bb2 Qc8 13. e4 Bh3 14. Nd5 Nxd5 15. exd5 Bxg2 16. Kxg2 Nxd4 17. Bxd4 Qf5 18. Re1 e5 19. dxe6 fxe6 20. Qd2 h5 21. Bxg7 Kxg7 22. h4 Rf6 23. Re3 d5 24. cxd5 Rd8 25. Rae1 Rxd5 26. Qe2 Kf7 27. Re4 Rd6 28. Kg1 Qf3 29. Qxf3 Rxf3 30. Kg2 Rfd3 31. R1e2 Kf6 32. Rf4+ Ke7 33. Rc4 a6 34. Rc8 Rd8 35. Rec2 Rxc8 36. Rxc8 Rd2 37. Rc7+ Kf6 38. a4 b5 39. Rc6 b4 40. Rxa6 Rb2 41. Rb6 Rxb3 42. a5 Ra3 43. a6 b3 44. a7 Rxa7 45. Rxb3 e5 46. Rf3+ Ke6 47. Rf8 Ra3 1/2-1/2

[Event "Matanzas Province-ch final"]
[Site "Jaguey Grande"]
[Date "2007.10.07"]
[Round "7"]
[White "Gonzalez Mesa, Daniel"]
[Black "Alonso Bouza, Julio Javier"]
[Result "0-1"]
[WhiteElo "2119"]
[BlackElo "2224"]
[PlyCount "62"]
[EventDate "2007.10.01"]
[EventType "tourn"]
[EventRounds "15"]
[EventCountry "CUB"]
[EventCategory "1"]
[SourceTitle "EXT 2019"]
[Source "ChessBase"]
[SourceDate "2018.10.10"]
[SourceVersion "1"]
[SourceVersionDate "2018.10.10"]
[SourceQuality "1"]

1. e4 e5 2. Nf3 Nc6 3. Bb5 a6 4. Ba4 Nf6 5. 0-0 Nxe4 6. d4 exd4 7. Nxd4 Nc5 8. Re1+ Ne6 9. Nc3 Ncxd4 10. Qxd4 Be7 11. Qg4 0-0 12. Nd5 f5 13. Qe2 Bc5 14. b4 Bd6 15. c4 b6 16. a3 c6 17. Nc3 Bb7 18. Qd3 Qc7 19. h3 Rae8 20. Bd2 Be5 21. Rad1 Kh8 22. Be3 b5 23. cxb5 cxb5 24. Nxb5 axb5 25. Bxb5 f4 26. Bd2 f3 27. g4 Nd4 28. Be3 Ne2+ 29. Kf1 Bh2 30. Qd2 Ng3+ 31. fxg3 Qxg3 0-1

[Event "Matanzas Province-ch sf"]
[Site "Matanzas"]
[Date "2007.09.16"]
[Round "6"]
[White "Romero Gonzalez, Javier"]
[Black "Gonzalez Mesa, Daniel"]
[Result "0-1"]
[WhiteElo "2044"]
[BlackElo "2082"]
[PlyCount "92"]
[EventDate "2007.09.11"]
[EventType "swiss"]
[EventRounds "9"]
[EventCountry "CUB"]
[SourceTitle "EXT 2019"]
[Source "ChessBase"]
[SourceDate "2018.10.10"]
[SourceVersion "1"]
[SourceVersionDate "2018.10.10"]
[SourceQuality "1"]

1. e4 d5 2. exd5 Nf6 3. Nc3 Nxd5 4. Nxd5 Qxd5 5. d4 Nc6 6. Nf3 e5 7. Be3 Bg4 8. dxe5 Bxf3 9. Qxf3 Qxf3 10. gxf3 Nxe5 11. f4 Ng6 12. 0-0-0 Bd6 13. Bb5+ Kf8 14. Rd4 h5 15. Re4 h4 16. c4 Rh5 17. Re1 c6 18. Rd1 Bc5 19. Ba4 Re8 20. Bc2 Bxe3+ 21. fxe3 Rxe4 22. Bxe4 Ke7 23. b4 Nf8 24. Bf3 Rh6 25. c5 f5 26. Rd3 Re6 27. Kd2 Nd7 28. Ke2 Nf6 29. Rd4 g6 30. Kd3 Ng4 31. Bxg4 fxg4 32. e4 Rf6 33. Ke3 g5 34. f5 Rf8 35. Rd6 Rf6 36. Rd1 Rf8 37. Rg1 Kf6 38. Rxg4 a5 39. a3 axb4 40. axb4 Ra8 41. Rg2 Ra4 42. Rb2 Ke5 43. Rf2 Rxb4 44. f6 Rxe4+ 45. Kd3 Rd4+ 46. Kc3 Rd8 0-1